Pile Foundation Design and Construction / (Record no. 15146)
[ view plain ]
| 000 -LEADER | |
|---|---|
| fixed length control field | 00813nam a22002057a 4500 |
| 008 - FIXED-LENGTH DATA ELEMENTS--GENERAL INFORMATION | |
| fixed length control field | 110420r19882010ii|||||r|||| 001 0 eng d |
| 020 ## - INTERNATIONAL STANDARD BOOK NUMBER | |
| International Standard Book Number | 8123901828 |
| 020 ## - INTERNATIONAL STANDARD BOOK NUMBER | |
| International Standard Book Number | 9788123901824 |
| 082 ## - DEWEY DECIMAL CLASSIFICATION NUMBER | |
| Edition number | 22 |
| Classification number | 624.154 |
| Item number | MIT |
| 100 ## - MAIN ENTRY--PERSONAL NAME | |
| 9 (RLIN) | 23210 |
| Personal name | Mittal, Satyendra |
| 245 ## - TITLE STATEMENT | |
| Title | Pile Foundation Design and Construction / |
| Statement of responsibility, etc | Satyendra Mittal |
| 260 ## - PUBLICATION, DISTRIBUTION, ETC. (IMPRINT) | |
| Place of publication, distribution, etc | New Delhi : |
| Name of publisher, distributor, etc | CBS Publ., 1988. |
| Date of publication, distribution, etc | 1988 |
| 300 ## - PHYSICAL DESCRIPTION | |
| Extent | 84 p. : |
| Other physical details | ill.; |
| Dimensions | 22 cm. |
| 490 ## - Series Statement | |
| -- | 23209 |
| Series statement | CBS Civil EngineeringTexts |
| 504 ## - BIBLIOGRAPHY, ETC. NOTE | |
| Bibliography, etc | Includes bibliographical references(pp. 85-86) and index |
| 650 ## - SUBJECT ADDED ENTRY--TOPICAL TERM | |
| 9 (RLIN) | 23211 |
| Topical term or geographic name as entry element | Piling (Civil engineering) |
| 653 ## - INDEX TERM--UNCONTROLLED | |
| Resource For college | |
| Arrived date list | April2011 |
| 942 ## - ADDED ENTRY ELEMENTS (KOHA) | |
| Source of classification or shelving scheme | Dewey Decimal Classification |
| Item type | Book - Borrowing |
| Withdrawn status | Item status | Source of classification or shelving scheme | Damaged status | Not for loan | Vendor | Home library | Current library | Shelving location | Date acquired | Source of acquisition | Cost, normal purchase price | Serial Enumeration / chronology | Total Checkouts | Full call number | Barcode | Date last seen | Date last borrowed | Koha item type |
|---|---|---|---|---|---|---|---|---|---|---|---|---|---|---|---|---|---|---|
| Dewey Decimal Classification | Arab Oasis | Central Library | Central Library | First floor | 20/04/2011 | 23.00 | 72 | 1 | 624.154 MIT | 000023306 | 15/07/2025 | 28/11/2016 | Book - Borrowing |